Cult, religion and society (Record no. 12025)
[ view plain ]
| 000 -LEADER | |
|---|---|
| fixed length control field | 00577 a2200205 4500 |
| 001 - CONTROL NUMBER | |
| control field | 139349 |
| 003 - CONTROL NUMBER IDENTIFIER | |
| control field | OSt |
| 005 - DATE AND TIME OF LATEST TRANSACTION | |
| control field | 20251205165917.0 |
| 008 - FIXED-LENGTH DATA ELEMENTS--GENERAL INFORMATION | |
| fixed length control field | |
| 020 ## - INTERNATIONAL STANDARD BOOK NUMBER | |
| International Standard Book Number | 8131603296 |
| 082 ## - DEWEY DECIMAL CLASSIFICATION NUMBER | |
| Classification number | 294.5211095452 |
| Item number | B46C |
| 100 1# - MAIN ENTRY--PERSONAL NAME | |
| Personal name | Bhatt, G.S. |
| 245 1# - TITLE STATEMENT | |
| Title | Cult, religion and society |
| Remainder of title | : polyandrous people of western himalaya |
| Statement of responsibility, etc | by G. S. Bhatt |
| 260 ## - PUBLICATION, DISTRIBUTION, ETC. (IMPRINT) | |
| Place of publication, distribution, etc | Jaipur |
| Name of publisher, distributor, etc | Rawat Publication |
| Date of publication, distribution, etc | 2010 |
| 300 ## - PHYSICAL DESCRIPTION | |
| Extent | xii, 420p. |
| 546 ## - LANGUAGE NOTE | |
| Language note | english |
| 650 ## - SUBJECT ADDED ENTRY--TOPICAL TERM | |
| Topical term or geographic name as entry element | Culture & media |
| 653 ## - INDEX TERM--UNCONTROLLED | |
| Uncontrolled term | Manners and customs; Religion; Folklore |
| 942 ## - ADDED ENTRY ELEMENTS (KOHA) | |
| Source of classification or shelving scheme | Dewey Decimal Classification |
| Koha item type | Books |
| Withdrawn status | Lost status | Source of classification or shelving scheme | Damaged status | Not for loan | Collection code | Home library | Current library | Department | Date acquired | Source of acquisition | Cost, normal purchase price | Inventory number(Invoice/Date) | Full call number | Barcode | Date last seen | Price effective from | Koha item type |
|---|---|---|---|---|---|---|---|---|---|---|---|---|---|---|---|---|---|
| Dewey Decimal Classification | General Text Book | Central University Of Rajasthan | Central University Of Rajasthan | Culture and Media Studies | 12/03/2014 | Rawat Booksellers | 580.00 | 201/20-8-13 | 294.5211095452 B46C | 15220 | 21/11/2024 | 02/09/2020 | Books |
